| 000 | 01021 a2200241 4500 | ||
|---|---|---|---|
| 001 | 55428 | ||
| 005 | 20260407155828.0 | ||
| 008 | 260407a1972 arg spa d | ||
| 003 | AR-UNSa-BCEJYS | ||
| 040 |
_aAR-UNSa-BCEJYS _bspa _cAR-UNSa-BCEJYS |
||
| 080 |
_a519.22 _xTeoría estadística. Modelos estadísticos. Estadística matemática en general |
||
| 245 | 1 | 0 | _aInferencia estadística |
| 264 | 1 |
_aMéxico : _bUnión Tipográfica Editorial Hispano-Americana (UTEHA) _c1972 |
|
| 300 |
_ax, 414 p. _c23 cm. |
||
| 505 | _a1. Más allá de la Aritmética - 2. Ideas básicas de probabilidad - 3. Poblaciones estadísticas - 4. Más Poblaciones estadísticas - 5. Principios del muestreo - 6. Estimación estadística - 7. Deducción de conclusiones estadísticas - 8. Toma de decisiones estadísticas | ||
| 041 | _aspa | ||
| 942 | _cBK | ||
| 590 | _aniveau_biblio:m niveau_hierar:0 | ||
| 100 | 1 | _aSpringer, Clifford H. | |
| 700 | 1 | _aHerlihy, Robert E. | |
| 700 | 1 | _aMall, Robert T. | |
| 700 | 1 | _aBeggs, Robert I. | |
| 999 |
_c5950 _d5950 |
||